| 000 | 00708nam a22002415a 4500 | ||
|---|---|---|---|
| 001 | 001417572 | ||
| 003 | AR-RoIUNI | ||
| 005 | 20241122062837.0 | ||
| 007 | ta | ||
| 008 | 171024s1955 xxu r 001 eng | ||
| 040 |
_aAR-BaBN _cIUNIR |
||
| 080 | _a811.111 | ||
| 100 | 1 | _aDixson, Robert J. | |
| 245 | 1 | 0 |
_aDixson _bComplete course in english |
| 260 |
_aNew York : _bRegents Publishing Company, _c1955. |
||
| 300 |
_a288 p. _c17 cm. |
||
| 500 | _aLa Biblioteca posee el book 2. | ||
| 650 | 1 | 0 |
_aInglés _xLengua _9543 |
| 930 | 1 |
_lBNA01 _mLIBRO _601131855 _820171024 _f11 _pPR _hbook 2 |
|
| 942 |
_2cdu _cBK |
||
| 956 |
_aECHEVERRIA _b20 _c20171024 _lBNA01 _h1538 |
||
| 956 |
_aVGONZALEZ _b20 _c20181211 _lBNA01 _h0809 |
||
| 999 |
_c4237 _d4237 |
||